| 000 | 00773nam a22002297a 4500 | ||
|---|---|---|---|
| 005 | 20231221121357.0 | ||
| 010 | _aENG-138685 | ||
| 020 |
_c795.00 _a9789390897735 |
||
| 035 | _aEN-122217 | ||
| 037 | _bDBAD/PUB | ||
| 082 |
_a370.1 _21 |
||
| 100 |
_aSrinivas, V. _960104 |
||
| 245 |
_aPhilosophical Perspective of Education/ _bBy V. Srinivas,[et.al] |
||
| 250 | _a1 | ||
| 260 |
_aNew Delhi _bNeelkamal Publications _c2022 |
||
| 270 |
_a4764/1, 23, Ansari Road, Daryaganj _bNew Delhi _e110002 _k011-23244237 _k98118-28953 _mneelkamalbooks@gmail.com |
||
| 300 |
_a179p. _c25cm(hbk) |
||
| 700 |
_aSrinivas,Kadem _eAuthor _960069 |
||
| 700 |
_aSrivastava, Rashmi _eAuthor _960105 |
||
| 700 |
_aYugendar, N. _eAuthor _960106 |
||
| 942 |
_2ddc _cEN _h370.1 _mSRI _e1 |
||
| 999 |
_c199751 _d199751 |
||